000 00306nam a2200097Ia 4500
082 _aEF COXM
245 0 _aThe glass of time : the secret life of Miss Esperanza Gorst : narrated by herself
100 _a COX, Michael London, 2008
_973121
942 _cBK
008 210817s9999 xx 000 0 und d
999 _c239379
_d239378